| 000 | 01003cpcaa22002657a 4500 | ||
|---|---|---|---|
| 001 | mm 80002297 | ||
| 003 | DLC | ||
| 005 | 20260227111659.0 | ||
| 008 | 800129|||||||||||| eng | ||
| 010 | _amm 80002297 | ||
| 040 |
_aDLC _cDLC _edacs _dDLC |
||
| 072 | 7 |
_aW _2lcmd |
|
| 100 | 1 |
_aWickliffe, C. A. _q(Charles Anderson), _d1788-1869. |
|
| 245 | 0 | 0 |
_aC. A. Wickliffe correspondence, _f1862. |
| 300 |
_a2 _fitems. |
||
| 506 | 0 | _aOpen to research. | |
| 545 | 0 | _aGovernor of and U.S. representative from Kentucky and U.S. postmaster general. | |
| 546 | _aCollection material in English. | ||
| 580 | _aForms part of: Miscellaneous Manuscripts collection. | ||
| 656 | 7 |
_aCabinet officers. _2itoamc |
|
| 656 | 7 |
_aGovernors _zKentucky. _2itoamc |
|
| 656 | 7 |
_aRepresentatives, U.S. Congress _zKentucky. _2itoamc |
|
| 999 |
_c42517 _d42517 |
||